000 00649nam a2200217 a 4500
999 _c3363
_d3363
001 3363
003 BD-JhCC
005 20171113104901.0
008 171113s1996 bg |||| ||a| 000 0 ben d
035 _a(BD-JhCC)3363
040 _aBD-JhCC
_dBD-JhCC
041 _aben
082 _a891.442
_bRAN 1996
100 _aরাণা, মতিউর রহমান
245 _aগোলাপ কেন ঝরে /
_cমতিউর রহমান রাণা,
260 _aঢাকা :
_bগতিধারা প্রকাশনী,
_c1996
300 _a62 p. :
_c21 cm.
650 _aBengali Drama
942 _2ddc
_cBK